书目信息 |
| 题名: |
步入化学新天地
|
|
| 作者: | 郭国霖 编著 | |
| 分册: | ||
| 出版信息: | 石家庄 河北科学技术出版社 2000.03 |
|
| 页数: | 209页 | |
| 开本: | 32开 | |
| 丛书名: | ||
| 单 册: | ||
| 中图分类: | O6-49 | |
| 科图分类: | ||
| 主题词: | 化学 | |
| 电子资源: | ||
| ISBN: | 7-5375-2167-0 | |
| 000 | 00548nam0 2200193 45 | |
| 001 | 0012151578 | |
| 005 | 20001215153630.9 | |
| 010 | @a7-5375-2167-0@d10.00元 | |
| 100 | @a20001215d2000 km y0chiy0120 ea | |
| 101 | 0 | @achi |
| 105 | @a z 000yy | |
| 200 | 1 | @a步入化学新天地@ABu Ru Hua Xue Xin Tian Di@f郭国霖编著@FGuo Guo Lin Bian Zhu |
| 210 | @a石家庄@c河北科学技术出版社@d2000.03 | |
| 215 | @a209页@d32开 | |
| 606 | 0 | @a化学 |
| 690 | @aO6-49@v3 | |
| 701 | 0 | @a郭国霖@4编著 |
| 801 | @aCN@bPftUser@c20001215 | |
| 905 | @b314014-018@dO6-49@eG449@f5 | |
| 步入化学新天地/郭国霖编著.-石家庄:河北科学技术出版社,2000.03 |
| 209页;32开 |
| ISBN 7-5375-2167-0:10.00元 |
| ● |
| 相关链接 |
|
|
|
正题名:步入化学新天地
索取号:O6-49/G449
 
预约/预借
| 序号 | 登录号 | 条形码 | 馆藏地/架位号 | 状态 | 备注 |
| 1 | 314014 | 203140145 | 自科库401/401自科库 61排4列3层/ [索取号:O6-49/G449] | 在馆 | |
| 2 | 314015 | 203140154 | 自科库401/401自科库 61排4列3层/ [索取号:O6-49/G449] | 在馆 | |
| 3 | 314016 | 203140163 | 自科库401/401自科库 61排4列3层/ [索取号:O6-49/G449] | 在馆 | |
| 4 | 314017 | 203140172 | 自科库401/401自科库 61排4列3层/ [索取号:O6-49/G449] | 在馆 | |
| 5 | 314018 | 203140181 | 自科库401/401自科库 61排4列3层/ [索取号:O6-49/G449] | 在馆 |